Statistics for Which City is in... ?

Click here to take the quiz!

General Stats

  • This quiz has been taken 211 times
  • The average score is 64 of 80

Answer Stats

QuestionTileSelect% Correct
cities in RussiaChisinauNo
98%
cities in RussiaMoscowYes
96%
cities in SpainPerpignanNo
96%
cities in RussiaVladivostokYes
96%
cities in GermanyBialystokNo
95%
cities in GermanySczeczinNo
95%
cities in FranceAntwerpNo
94%
cities in SpainMadridYes
94%
cities in RussiaMinskNo
94%
cities in GermanyMunichYes
94%
cities in SpainValenciaYes
94%
cities in RussiaYerevanNo
94%
cities in SpainBarcelonaYes
93%
cities in GermanyFrankfurtYes
93%
cities in GermanyHamburgYes
93%
cities in the UKLondonYes
93%
cities in FranceLyonYes
93%
cities in the UKManchesterYes
93%
cities in FranceParisYes
93%
cities in FranceSan SebastianNo
92%
cities in SpainSetubalNo
92%
cities in RussiaUrumqiNo
92%
cities in FranceBrugesNo
91%
cities in SpainCoimbraNo
91%
cities in the UKLeedsYes
91%
cities in RussiaLublinNo
91%
cities in GermanyPlzenNo
91%
cities in SpainPorto AlegreNo
91%
cities in SpainSevillaYes
91%
cities in SpainToulonNo
91%
cities in the UKDublinNo
90%
cities in RussiaNovosibirskYes
90%
cities in GermanyOostendeNo
90%
cities in FranceTurinNo
90%
cities in RussiaUliastaiNo
90%
cities in GermanyCologneYes
89%
cities in GermanyInnsbruckNo
89%
cities in GermanyAarhusNo
87%
cities in SpainBragaNo
87%
cities in the UKCharlestonNo
87%
cities in the UKShannonNo
87%
cities in the UKAberdeenYes
85%
cities in FranceGeneveNo
85%
cities in FranceNantesYes
85%
cities in RussiaKharkivNo
84%
cities in the UKBelfastYes
83%
cities in SpainMalagaYes
83%
cities in FranceLilleYes
82%
cities in FranceMontpellierYes
82%
cities in the UKWaterlooNo
82%
cities in GermanyBremenYes
81%
cities in the UKDerbyYes
80%
cities in the UKCorkNo
79%
cities in GermanyTilburgNo
79%
cities in the UKBostonNo
78%
cities in the UKSwanseaYes
78%
cities in FranceLiegeNo
77%
cities in FranceYpresNo
77%
cities in SpainZaragozaYes
76%
cities in FranceAix-en-ProvenceYes
75%
cities in the UKGloucesterYes
75%
cities in RussiaBrasovNo
74%
cities in SpainCordobaYes
74%
cities in RussiaPetrozavodskYes
74%
cities in SpainAlicanteYes
71%
cities in FranceCaenYes
62%
cities in the UKLutonYes
62%
cities in FranceNimesYes
61%
cities in GermanySaarbruckenYes
59%
cities in GermanyMagdeburgYes
58%
cities in SpainValladolidYes
58%
cities in RussiaSaranskYes
57%
cities in RussiaSamaraYes
55%
cities in GermanyErfurtYes
53%
cities in the UKMilton KeynesYes
52%
cities in FranceMetzYes
51%
cities in GermanyOsnabruckYes
38%
cities in RussiaYoskar-OlaYes
37%
cities in SpainBadajozYes
29%
cities in RussiaTyumenYes
28%

Score Distribution

Percentile by Number Answered

Percent of People with Each Score

Your Score History

You have not taken this quiz